Statistics for Largest Islands in South Korea

Click here to take the quiz!

General Stats

  • This quiz has been taken 11 times
  • The average score is 1 of 6

Answer Stats

Island % Correct
Jeju
100%
Geojedo
13%
Jindo
13%
Ulleung
13%
Ganghwado
0%
Namhaedo
0%

Score Distribution

Percentile by Number Answered

Percent of People with Each Score

Your Score History

You have not taken this quiz